00715 2200265 4500001002100000008004100021035002000062245006100082100001200143260004200155300002100197020002200218084001600240520006000256520002000316520001300336082001000349650001800359990001200377990001200389990001200401990001200413990001200425990001200437INLIS000000000016064 ind  a0010-0423000081 aX-Treme Xplorers: Hama BeringascRedcode;Editor,Febriani aREDCODE aJakarta :bBhuana ilmu Populer,c2019 a159 hlm.c21 cm. a978-623-216-559-5 a741.5 RED x aJudul asli:X-Treme Xploration Series: Villainous Vermin aPengalih Bahasa aFebriani a741.5 aKOMIK. BACAAN a10892 a a10892 b a10892 c a10892 d a10892 e a10892 f